ბათუმის შოთა რუსთაველის სახელმწიფო უნივერსიტეტის ბიბლიოთეკა

დასავლეთ საქართველოში გავრცელებული თხილის ზოგიერთი ჯიშის ბიოლოგიურად აქტიური ნივთიერებების შესწავლა : დისერტაცია / (ბიბ.ჩანაწერი № 55491)

000 -ლიდერი
ფიქსირებული სიგრძის საკონტროლო ველი 01635nam a2200241Ia 4500
001 - საკონტროლო ნომერი
საკონტროლო ველი 22573
003 - საკონტროლო ნომრის იდენტიფიკატორი
საკონტროლო ველი GE_BSU
005 - ბოლო ოპერაციის თარიღი და დრო
საკონტროლო ველი 20220920165841.0
008 - ფიქსირებული სიგრძის მონაცემთა ელემენტები - ზოგადი ინფორმაცია
ფიქსირებული სიგრძის საკონტროლო ველი 181216s2008||||ge |||||||||||||| ||geo||
040 ## - კატალოგიზაციის წყარო
Transcribing agency GE_BSU
041 ## - ენის კოდი
Language code of text/sound track or separate title geo
080 ## - უნივერსალური ათობითი კლასიფიკაციის ინდექსი
Universal Decimal Classification number 63 ტ-12
100 ## - მთავარი ჩანაწერი - პიროვნების სახელი
Personal name ვადაჭკორია, ნინო
9 (RLIN) 10614
245 ## - ცნობა სათაურის შესახებ
Title დასავლეთ საქართველოში გავრცელებული თხილის ზოგიერთი ჯიშის ბიოლოგიურად აქტიური ნივთიერებების შესწავლა : დისერტაცია /
Statement of responsibility, etc ნინო ვადაჭკორია; სამეცნ. ხელმძღვანელი რ. გახოკიძე; შოთა რუსთაველის სახ. უნივერსიტეტი.
264 ## - წარმოების, გამოცემის, დისტრიბუციის და სხვა ცნობები
გამოცემის, წარმოების, დისტრიბუციის... ადგილი ბათუმი,
გამოცემის, წარმოების, დისტრიბუციის... სახელწოდება
გამოცემის, წარმოების, დისტრიბუციის... თარიღი 2008.
300 ## - ფიზიკური აღწერა
Extent 140 გვ. ;
Other physical details 30 სმ.
653 ## - INDEX TERM--UNCONTROLLED
Uncontrolled term დასავლეთ საქართველოში გავრცელებული თხილის ზოგიერთი ჯიშის ბიოლოგიურად აქტიური ნივთიერებების შესწავლა
653 ## - INDEX TERM--UNCONTROLLED
Uncontrolled term მემცენარეობა
653 ## - INDEX TERM--UNCONTROLLED
Uncontrolled term დისერტაცია
700 ## - ADDED ENTRY--PERSONAL NAME
Personal name გახოკიძე, რ.
Relator term სამეცნიერო ხელმძღვანელი
9 (RLIN) 1095
710 ## - ADDED ENTRY--CORPORATE NAME
Corporate name or jurisdiction name as entry element შოთა რუსთაველის სახელმწიფო უნივერსიტეტი
9 (RLIN) 10615
942 ## - ADDED ENTRY ELEMENTS (KOHA)
Koha item type წიგნი
Source of classification or shelving scheme
ეგზემპლარები
ჩამოწერის სტატუსი დაკარგული ეგზემპლარის სტატუსი კლასიფიკაციის წყარო ან თაროზე გაწყობის სქემა დაზიანების სტატუსი არ გაიცემა მუდმივი მდებარეობა (დაცვის ადგილი) ამჟამინდელი ადგილსამყოფელი თაროზე განთავსების ადგილი შეძენის თარიღი სრული შენახვის შიფრი შტრიხკოდი ბოლო ოპერაციის თარიღი ეგზემპლარის მიმდევრობითი ნომერი (კეტერი?) ფასის ძალაში შესვლის თარიღი ეგზემპლარის სახეობა საჯარო შენიშვნა
          ბათუმის შოთა რუსთაველის სახელმწიფო უნივერსიტეტის მთავარი ბიბლიოთეკა ბათუმის შოთა რუსთაველის სახელმწიფო უნივერსიტეტის მთავარი ბიბლიოთეკა წიგნსაცავი 2018-12-17 63 ვ-12 60 დისერტ 2018-12-17 60 2018-12-17 დისერტაცია